000 00488nam a22001931i 4500
001 12363
090 _a12363
100 _a20170304u u u0frey50 ba
101 0 _apor
200 1 _fCarlos Correia
_aO bĂșzio de Nacar
210 _cCaminho
_aLisboa
_dimp. 1986
215 _a[42] p.
_c il.
_d19 cm
606 _9335
_aLiteratura juvenil
675 _a82-93
_92040
700 1 _aCorreia
_bCarlos
_4070
701 1 _aCayatte
_bHenrique
_4440
_f1957-
801 _aPT
_gRPC
990 _cLIVROS
994 _aCOMP